Представление документа в формате MARC21

ПолеНазваниеЗначение
  Тип записи a
  Библиографический уровень m
001 Контрольный номер RU\infra-m\znanium\bibl\2125011
005 Дата корректировки 20260429142221.3
008 Кодируемые данные 250214s2023 RU g rus u
020 Индекс ISBN __
a ISBN 978-5-16-014643-0
020 Индекс ISBN __
a ISBN 978-5-16-107142-7 (электр. издание)
040 Источник каталогиз. __
a Служба первич. каталог. Общество с ограниченной ответственностью «ЗНАНИУМ»
041 Код языка издания __
a Код языка текста rus
044 Код страны публикации __
a Код страны публикации RU
080 Индекс УДК __
a Индекс УДК 616.346.2-002(075.8)
084 Индекс другой классификации/Индекс ББК __
2 Источник индекса rubbk
a Индекс другой классификации/Индекс ББК 54.57я73
084 Индекс другой классификации/Индекс ББК __
2 Источник индекса okso
a Индекс другой классификации/Индекс ББК 31.05.01
084 Индекс другой классификации/Индекс ББК __
2 Источник индекса okso
a Индекс другой классификации/Индекс ББК 31.06.01
084 Индекс другой классификации/Индекс ББК __
2 Источник индекса okso
a Индекс другой классификации/Индекс ББК 31.08.67
100 Автор __
a Автор Ачкасов Е.Е.
q Полное имя Ачкасов Евгений Евгеньевич
u Дополнение Первый Московский государственный медицинский университет им. И.М. Сеченова
245 Заглавие __
a Заглавие Острый аппендицит: клиника, диагностика, лечение
b Продолж. заглавия Учебное пособие
c Ответственность Первый Московский государственный медицинский университет им. И.М. Сеченова; Первый Московский государственный медицинский университет им. И.М. Сеченова
250 Сведения об издании __
a Основные сведения об издании 1
260 Выходные данные __
a Место издания Москва
b Издательство ООО "Научно-издательский центр ИНФРА-М"
c Дата издания 2023
300 Физическое описание __
a Объем 207 с.
440 Серия __
a Серия Высшее образование: Специалитет
520 Аннотация __
a Аннотация В учебном пособии последовательно освещены вопросы анатомии червеобразного отростка эпидемиологии этиологии патогенеза классификации клинической картины диагностики и лечения острого аппендицита и его осложнений. Подробно рассмотрены вопросы хирургического лечения острого аппендицита и профилактики послеоперационных осложнений. Отдельная глава посвящена осложненным формам острого аппендицита. Особое внимание уделено организации оказания медицинской помощи больным с острым аппендицитом особенностям течения заболевания у детей пациентов пожилого и старческого возраста беременных. Впервые в учебном издании представлены психологические аспекты реабилитации хирургических больных. Усвоению материала учебного пособия способствуют тестовые задания и вопросы для самоконтроля. Соответствует требованиям федеральных государственных образовательных стандартов высшего образования последнего поколения. Предназначено для студентов медицинских вузов клинических ординаторов и врачей обучающихся в системе дополнительного профессионального образования по специальности «Хирургия» и направлениям подготовки специалитета 31.05.01 «Лечебное дело» 31.05.02 «Педиатрия».
521 Примеч. о цел. назн. __
a Примеч. о целев. назн. ВО - Специалитет
650 Тематические рубрики __
a Основная рубрика Медицина. Фармакология
x Основная подрубрика Оперативная хирургия
655 Указ. предметных рубрик (устаревшее) __
a Жанр/ форма (устаревшее) Учебное пособие
700 Другие авторы __
a Другие авторы Забелин М.В.
q Полное имя Забелин Максим Васильевич
u Дополнение Федеральный медицинский биофизический центр им. А.И. Бурназяна
700 Другие авторы __
a Другие авторы Посудневский В.И.
q Полное имя Посудневский Владислав Иванович
u Дополнение Первый Московский государственный медицинский университет им. И.М. Сеченова
700 Другие авторы __
a Другие авторы Пугаев А.В.
q Полное имя Пугаев Андрей Владимирович
u Дополнение Первый Московский государственный медицинский университет им. И.М. Сеченова
700 Другие авторы __
a Другие авторы Ярославская М.А.
q Полное имя Ярославская Мария Александровна
856 Электронный адрес документа 4_
a Имя сервера/домена znanium.com
m Помощь ebs_support@infra-m.ru
n Местонахождение сервера НИЦ ИНФРА-М
u URL https://znanium.com/catalog/document?id=437399
856 Электронный адрес документа 48
a Имя сервера/домена znanium.com
d Путь /cover/2125
f Электронное имя 2125011.jpg
q Тип электронного формата image/jpeg
u URL https://znanium.com/cover/2125/2125011.jpg
911 __
u 0030=https://znanium.com/catalog/document?id=437399
911 __
u 712a=Первый Московский государственный медицинский университет им. И.М. Сеченова